<?xml version="1.0" encoding="UTF-8"?><?xml-stylesheet type="text/xsl" href="static/style.xsl"?><OAI-PMH xmlns="http://www.openarchives.org/OAI/2.0/" xmlns:xsi="http://www.w3.org/2001/XMLSchema-instance" xsi:schemaLocation="http://www.openarchives.org/OAI/2.0/ http://www.openarchives.org/OAI/2.0/OAI-PMH.xsd"><responseDate>2026-04-18T02:18:47Z</responseDate><request verb="GetRecord" identifier="oai:www.recercat.cat:2117/422707" metadataPrefix="marc">https://recercat.cat/oai/request</request><GetRecord><record><header><identifier>oai:recercat.cat:2117/422707</identifier><datestamp>2026-01-21T02:34:58Z</datestamp><setSpec>com_2072_1033</setSpec><setSpec>col_2072_452949</setSpec></header><metadata><record xmlns="http://www.loc.gov/MARC21/slim" xmlns:dcterms="http://purl.org/dc/terms/" xmlns:xsi="http://www.w3.org/2001/XMLSchema-instance" xmlns:doc="http://www.lyncode.com/xoai" xsi:schemaLocation="http://www.loc.gov/MARC21/slim http://www.loc.gov/standards/marcxml/schema/MARC21slim.xsd">
   <leader>00925njm 22002777a 4500</leader>
   <datafield ind2=" " ind1=" " tag="042">
      <subfield code="a">dc</subfield>
   </datafield>
   <datafield ind2=" " ind1=" " tag="720">
      <subfield code="a">Félix Lugo, Lizeth Guadalupe</subfield>
      <subfield code="e">author</subfield>
   </datafield>
   <datafield ind2=" " ind1=" " tag="720">
      <subfield code="a">Organista Camacho, Mariel</subfield>
      <subfield code="e">author</subfield>
   </datafield>
   <datafield ind2=" " ind1=" " tag="720">
      <subfield code="a">González Flores, Zoila Nohemy</subfield>
      <subfield code="e">author</subfield>
   </datafield>
   <datafield ind2=" " ind1=" " tag="260">
      <subfield code="c">2024-12</subfield>
   </datafield>
   <datafield ind2=" " ind1=" " tag="520">
      <subfield code="a">The coastal tourist city shows fragmentation, with an impact on public space, cultures, socio-spatial dynamics, and tourism. Ensenada, Mexico has an intercommunication with the United States of America due to its proximity to the northern border and the arrival of cruise ships. The importance of the present study lies in the explanation of how urban identities are constructed in the public spaces of Ensenada's waterfront (malecon), based on the impact of the sociospatial transformations carried out in the period from 2013-2025, and tourism, from the perspective of local users. A mixed approach was chosen, through a) perception questionnaire and b) focus groups. The expected results show that urban identities are contrasted, adopting and mimicking socio-spatial characteristics external to the city, which impacts the components of recognition, belonging, permanence, and linkage by local users.</subfield>
   </datafield>
   <datafield ind2=" " ind1=" " tag="520">
      <subfield code="a">La ciudad turística costera evidencia fragmentación, con incidencia en el espacio público, las culturas, dinámicas socioespaciales y en el turismo. Ensenada, México posee una intercomunicación con Estados Unidos de América por su cercanía con la frontera norte y por el arribo de cruceros. La importancia del presente estudio radica en la explicación de la forma en que se construyen las identidades urbanas en los espacios públicos del frente marítimo (malecón) de Ensenada, a partir del impacto de las transformaciones socioespaciales realizadas en el periodo del 2013-2025, y del turismo, desde la perspectiva de los usuarios locales. Se eligió un enfoque mixto, mediante a) cuestionario de percepción y b) grupos focales. Los resultados esperados evidencian que las identidades urbanas se manifiestan contrastantes, se adoptan y mimetizan características socioespaciales externas a la ciudad, lo cual impacta en los componentes de: reconocimiento, pertenencia, permanencia y vinculación por parte de los usuarios locales.</subfield>
   </datafield>
   <datafield ind2=" " ind1=" " tag="520">
      <subfield code="a">Peer Reviewed</subfield>
   </datafield>
   <datafield tag="653" ind2=" " ind1=" ">
      <subfield code="a">Àrees temàtiques de la UPC::Urbanisme::Aspectes socials</subfield>
   </datafield>
   <datafield tag="653" ind2=" " ind1=" ">
      <subfield code="a">Seaside resorts -- Mexico -- Ensenada (Baja California) -- Social aspects</subfield>
   </datafield>
   <datafield tag="653" ind2=" " ind1=" ">
      <subfield code="a">Sociology, Urban -- Case studies</subfield>
   </datafield>
   <datafield tag="653" ind2=" " ind1=" ">
      <subfield code="a">Identidades urbanas</subfield>
   </datafield>
   <datafield tag="653" ind2=" " ind1=" ">
      <subfield code="a">Relaciones socioespaciales</subfield>
   </datafield>
   <datafield tag="653" ind2=" " ind1=" ">
      <subfield code="a">Frente marítimo</subfield>
   </datafield>
   <datafield tag="653" ind2=" " ind1=" ">
      <subfield code="a">Turismo</subfield>
   </datafield>
   <datafield tag="653" ind2=" " ind1=" ">
      <subfield code="a">Urban identities</subfield>
   </datafield>
   <datafield tag="653" ind2=" " ind1=" ">
      <subfield code="a">Socio-spatial relations</subfield>
   </datafield>
   <datafield tag="653" ind2=" " ind1=" ">
      <subfield code="a">Waterfront</subfield>
   </datafield>
   <datafield tag="653" ind2=" " ind1=" ">
      <subfield code="a">Tourism</subfield>
   </datafield>
   <datafield tag="653" ind2=" " ind1=" ">
      <subfield code="a">Llocs de vacances costaners -- Mèxic -- Ensenada (Baixa Califòrnia) -- Aspectes socials</subfield>
   </datafield>
   <datafield tag="653" ind2=" " ind1=" ">
      <subfield code="a">Sociologia urbana -- Estudi de casos</subfield>
   </datafield>
   <datafield ind2="0" ind1="0" tag="245">
      <subfield code="a">Identidades urbanas y dinámicas socioespaciales en frentes marítimos: Ensenada, Mexico</subfield>
   </datafield>
   <datafield ind2="0" ind1="0" tag="245">
      <subfield code="a">Urban identities and socio-spatial dynamics in waterfronts: Ensenada, Mexico</subfield>
   </datafield>
</record></metadata></record></GetRecord></OAI-PMH>